[Event "Dundee & Angus Major"]
[Site "Dundee"]
[Date "2013.10.11"]
[Round "1"]
[White "Cassidy, Bernard"]
[Black "Harvey, Duke"]
[Result "1/2-1/2"]
[WhiteElo "1488"]
[BlackElo "1299"]
[PlyCount "104"]
[EventDate "2013.10.11"]
[EventType "swiss"]
[EventRounds "5"]
[EventCountry "SCO"]
[SourceTitle "EXT 2023"]
[Source "ChessBase"]
[SourceDate "2022.10.05"]
[SourceVersion "1"]
[SourceVersionDate "2022.10.05"]
[SourceQuality "1"]

1. e4 g6 2. Nf3 d6 3. Be2 Bg7 4. Nc3 Nf6 5. d3 Nbd7 6. 0-0 b6 7. Qd2 Bb7 8. h3 0-0 9. Nh2 e6 10. Ng4 Nxg4 11. Bxg4 f5 12. Bf3 Ne5 13. Be2 f4 14. f3 Qg5 15. d4 Nc6 16. d5 Nd4 17. Bc4 e5 18. Ne2 Nxe2+ 19. Qxe2 a6 20. Bd2 b5 21. Bb3 Bc8 22. Kh1 Bd7 23. Ba5 Rfc8 24. c4 b4 25. a3 bxa3 26. Rxa3 Bf6 27. Rfa1 Qh6 28. Be1 Rab8 29. Bd1 Bh4 30. Bxh4 Qxh4 31. b3 h5 32. Rxa6 g5 33. Kg1 Qg3 34. Qf2 Qxf2+ 35. Kxf2 Kf7 36. Rc1 Rb4 37. Ra7 Ke7 38. c5 dxc5 39. Rxc5 Kd6 40. Rc4 Rxc4 41. bxc4 Kc5 42. Be2 Kd6 43. Ra6+ c6 44. Ra5 c5 45. Ra6+ Kc7 46. Rg6 Rb8 47. Rxg5 Rb2 48. Rxe5 Ba4 49. Ke1 Rb1+ 50. Kd2 Rb2+ 51. Kd3 Rb3+ 52. Kd2 Rb2+ 1/2-1/2